00654nac a22001811u 4500020001500000028001400015082002000029090001500049100003400064245008200098260004000180300003200220504005100252600002600303942002200329999001500351952010600366 a0415948975 bwww.bl.uk a327.1 22bM4298 c2060d2060 amattern , janice biall  aordering international politicsbidentity , crisis,and representational force agreat britainbroutledge,2005c2005 axi, 303 p. :bill. ;c24 cm aIncludes bibliographical references and index. ajanice bially mattern cBBk327.1 22M4298 c2060d2060 00104070aMAINbMAINc1STd2008-02-07ePurchasel0o327.122 MATp000002273r2025-07-15 00:00:00yBB